Les 21 Niveaux Officiels de Geometry Dash - Statistiques

Statistiques générales
  • Ce quiz a été pris 363 fois
  • Le résultat moyen est 17 sur 21
Statistiques - réponses
Réponse Difficulté étoiles % Correct
Stereo Madness Easy 1
96%
Jumper Harder 7
89%
Back on Track Easy 2
88%
Clubstep Demon 14
86%
Theory of Everything Insane 12
86%
Dry Out Normal 4
85%
Time Machine Harder 8
85%
Polargeist Normal 3
84%
xStep Insane 10
84%
Base After Base Hard 5
83%
Can't Let Go Hard 6
82%
Cycles Harder 9
82%
Clutterfunk Insane 11
81%
Theory of Everything 2 Demon 14
81%
Fingerdash Insane 12
80%
Deadlocked Demon 15
77%
Electrodynamix Insane 12
76%
Hexagon Force Insane 12
72%
Geometrical Dominator Harder 10
70%
Blast Processing Harder 10
68%
Electroman Adventures Insane 10
68%
Aucun quiz correspondant
Distribution des résultats
% des personnes avec chaque résultat
Percentile par nombre de réponses
Votre historique - résultats
Vous n’avez pas pris ce quiz